000
00239nam a2200109Ia 4500
005
20251222120157.0
008
251222s1900||||xx |||||||||||||| ||spa||
082
_a
DVD0070/R14/1994
245
0
_a
El cartero
264
_b
Miramax
942
_c
DVD
999
_c
2306
_d
2306